000 00913nam a2200265Ia 4500
003 OSt
005 20220930072642.0
006 a|||||r|||| 00| 0
007 ta
008 220926b |||||||| |||| 00| 0 eng d
024 _a24719
037 _cTheses
040 _aCRL
_cCRL
_beng
041 _2eng
_aeng
100 _aSingh Dharmendra Kumar
_9530226
110 _aUniversity of Delhi. Faculty of Medical Sciences. Department of Paediatrics
245 0 _aPrevalence of anaemia and its relation to physical and sexual growth in adolescent boys of lower socio-economic status
260 _c1998
300 _a75p.
_ap.
_ccm.
650 _aCHILDREN - DISEASES
700 _a Dr K N Agarwal Supervisor
_9529920
700 _aUniversity of Delhi. Faculty of Medical Sciences. Department of Paediatrics
942 _cDIS
_2CC
999 _c864163
_d864163